| 000 | 00406nam a2200145Ia 4500 | ||
|---|---|---|---|
| 008 | 230917s9999||||xx |||||||||||||| ||und|| | ||
| 040 |
_e240609 _aMAIN |
||
| 041 | _aEnglish | ||
| 082 | _a584.9 S63G | ||
| 100 | _aSindhu, Pawan | ||
| 245 | 0 | _aGrowth and metabolic alterations in wheat (Triticum aestivum L) grown under arsenic contaminated conditions | |
| 260 | _c2106 | ||
| 300 | _a96 p. | ||
| 942 | _cTH | ||
| 999 |
_c127027 _d127027 |
||